Matt Damon Movies - Statistics

General Stats
  • This quiz has been taken 65 times
    28 since last reset
  • The average score is 18 of 94
Answer Stats
Year Movies % Correct
1997 Good Will Hunting
93%
2001 Ocean's 11
73%
2004 Ocean's 12
73%
2007 Ocean's 13
73%
1998 Saving Private Ryan
67%
2016 Jason Bourne
60%
2002 The Bourne Identity
60%
2004 The Bourne Supremacy
60%
2007 The Bourne Ultimatum
60%
2015 The Martian
60%
1997 Chasing Amy
53%
1999 Dogma
53%
2019 Jay and Silent Bob Reboot
53%
2001 Jay and Silent Bob Strike Back!
53%
1999 The Talented Mr. Ripley
53%
2013 Elysium
47%
2018 Deadpool 2
40%
2014 Interstellar
40%
2000 The Legend of Bagger Vance
40%
2014 The Monuments Men
40%
2022 Thor: Love and Thunder
40%
2017 Thor: Ragnarok
40%
2004 Jersey Girl
33%
2011 The Adjustment Bureau
33%
2006 The Departed
33%
2000 All the Pretty Horses
27%
2019 Ford V. Ferrari
27%
2023 Oppenheimer
27%
2016 The Great Wall
27%
2010 True Grit
27%
2023 Air
20%
2017 Downsizing
20%
2007 Gone Baby Gone
20%
2021 The Last Duel
20%
2011 We Bought A Zoo
20%
2004 EuroTrip
13%
2009 Invictus
13%
1988 Mystic Pizza
13%
1998 Rounders
13%
1992 School Ties
13%
2003 Stuck on You
13%
2005 Syriana
13%
2000 Titan A.E.
13%
2013 Behind the Candelabra
7%
2011 Contagion
7%
1996 Courage Under Fire
7%
1993 Geronimo: An American Legend
7%
1995 Glory Daze
7%
2010 Green Zone
7%
2011 Happy Feet Two
7%
2024 IF
7%
2017 Suburbicon
7%
2005 The Brothers Grimm
7%
2006 The Good Shepherd
7%
1997 The Rainmaker
7%
2013 The Zero Theorem
7%
2018 Unsane
7%
2003 All Grown Up
0%
TBD Apostle Paul
0%
2008 Che Part Two
0%
2002 Confessions of A Dangerous Mind
0%
2024 Drive-Away Dolls
0%
2005 Feast
0%
1989 Field of Dreams
0%
2000 Finding Forrester
0%
2002 Gerry
0%
2015 Girl on the Edge
0%
2010 Hereafter
0%
2016 Manchester by the Sea
0%
2011 Margaret
0%
2014 More Time With Family
0%
2017 Night Job
0%
2021 No Sudden Move
0%
2008 Ponyo
0%
2012 Promised Land
0%
1990 Rising Sun
0%
2006 Saga Tier I
0%
2002 Speakeasy
0%
2002 Spirit: Stallion of the Cimarron
0%
2021 Stillwater
0%
2002 Stolen Summer
0%
2003 The Ballad of Shaker Heights
0%
1988 The Good Mother
0%
1995 The Good Old Boys
0%
2009 The Informant!
0%
2024 The Instigators
0%
TBD The King of Oil
0%
2015 The Leasure Class
0%
2001 The Majestic
0%
2002 The Third Wheel
0%
TBD Thirst
0%
TBD Unstoppable
0%
TBD Witness For the Prosecution
0%
2007 Youth Without Youth
0%
No matching quizzes found
Score Distribution
Percent of People with Each Score
Percentile by Number Answered
Your Score History
You have not taken this quiz since the last reset